[Event "St Petersburg Spring op"]
[Site "St Petersburg"]
[Date "2011.03.24"]
[Round "2"]
[White "Fateev, Michail"]
[Black "Mukha, Aleksey"]
[Result "1-0"]
[WhiteElo "2104"]
[BlackElo "1929"]
[PlyCount "109"]
[EventDate "2011.03.23"]
[EventType "swiss"]
[EventRounds "9"]
[EventCountry "RUS"]
[SourceTitle "CBM 141 Extra"]
[Source "ChessBase"]
[SourceDate "2011.05.03"]
[SourceVersion "1"]
[SourceVersionDate "2011.05.03"]
[SourceQuality "1"]

1. e4 c5 2. Nf3 Nc6 3. d4 cxd4 4. Nxd4 Nf6 5. Nc3 e5 6. Ndb5 d6 7. Bg5 a6 8. Bxf6 gxf6 9. Na3 b5 10. Nd5 f5 11. Bd3 Be6 12. Qh5 Bg7 13. g3 Rc8 14. c3 fxe4 15. Bxe4 Ne7 16. Rd1 Rc5 17. Ne3 d5 18. Nac2 Qc8 19. Qg5 Kf8 20. b4 Rxc3 21. Bxd5 Nxd5 22. Nxd5 Bxd5 23. Rxd5 f6 24. Qd2 Ke7 25. Ne3 Rc1+ 26. Nd1 Rc7 27. 0-0 Rd8 28. Ne3 Rcd7 29. f4 Qc6 30. Rd1 Ke6 31. Rc1 Qb6 32. f5+ Ke7 33. Rcc5 Bh6 34. Rxd7+ Rxd7 35. Nd5+ Rxd5 36. Qxd5 Be3+ 37. Kg2 Bxc5 38. bxc5 Qd8 39. Qe6+ Kf8 40. h4 Qd4 41. Qxf6+ Kg8 42. Qe6+ Kh8 43. Qc8+ Kg7 44. Qc7+ Kf6 45. Kh3 Kxf5 46. Qxh7+ Ke6 47. Qg6+ Kd5 48. Qd6+ Ke4 49. Qxd4+ exd4 50. c6 d3 51. c7 d2 52. c8Q d1Q 53. Qg4+ Qxg4+ 54. Kxg4 b4 55. h5 1-0

[Event "St Petersburg Chigorin CC-ch"]
[Site "St Petersburg"]
[Date "2009.05.19"]
[Round "1"]
[White "Fateev, Michail"]
[Black "Gorbov, Andrey"]
[Result "1-0"]
[WhiteElo "2109"]
[BlackElo "1939"]
[PlyCount "51"]
[EventDate "2009.05.19"]
[EventType "swiss"]
[EventRounds "9"]
[EventCountry "RUS"]
[SourceTitle "CBM 130 Extra"]
[Source "ChessBase"]
[SourceDate "2009.07.02"]
[SourceVersion "2"]
[SourceVersionDate "2009.07.15"]
[SourceQuality "1"]

1. e4 c5 2. Nf3 e6 3. d4 cxd4 4. Nxd4 Nf6 5. Nc3 d6 6. Be2 a6 7. a4 Be7 8. 0-0 0-0 9. f4 Nc6 10. Kh1 Bd7 11. Nb3 Rc8 12. Be3 Na5 13. Qd4 Nxb3 14. cxb3 Qc7 15. a5 Rfd8 16. Qd2 Qb8 17. Bb6 Re8 18. Rad1 Bc6 19. Bf3 Bd8 20. e5 Bxb6 21. axb6 dxe5 22. fxe5 Red8 23. Qf4 Be8 24. Bxb7 Qxb7 25. exf6 Bc6 26. Qg5 1-0

[Event "St Petersburg March op"]
[Site "St Petersburg"]
[Date "2009.04.09"]
[Round "9"]
[White "Belenkaya, Dina"]
[Black "Fateev, Michail"]
[Result "0-1"]
[WhiteElo "2028"]
[BlackElo "2095"]
[PlyCount "96"]
[EventDate "2009.03.30"]
[EventType "swiss"]
[EventRounds "9"]
[EventCountry "RUS"]
[SourceTitle "EXT 2012"]
[Source "ChessBase"]
[SourceDate "2011.11.24"]
[SourceVersion "1"]
[SourceVersionDate "2011.11.24"]
[SourceQuality "1"]

1. e4 e5 2. Nf3 Nc6 3. Nc3 d6 4. d4 exd4 5. Nxd4 Nf6 6. Nxc6 bxc6 7. Bg5 Be7 8. Bd3 0-0 9. 0-0 h6 10. Bf4 Rb8 11. b3 Ng4 12. h3 Bf6 13. hxg4 Bxc3 14. Rb1 Be6 15. Be3 Qh4 16. Be2 d5 17. Qd3 Be5 18. f4 dxe4 19. Qxe4 Bd6 20. Qf3 Bd5 21. Qf2 Qxf2+ 22. Kxf2 Rfe8 23. g3 Rbd8 24. Bf3 Be4 25. Bxe4 Rxe4 26. Rfe1 Bb4 27. Re2 Rde8 28. Rd1 c5 29. c4 Bc3 30. Kf3 g6 31. Rh1 f5 32. gxf5 gxf5 33. Rhh2 Bd4 34. Bd2 R8e6 35. Rxe4 fxe4+ 36. Ke2 Ra6 37. a4 Rb6 38. Be3 Rxb3 39. Bxd4 cxd4 40. Rxh6 Rxg3 41. Re6 d3+ 42. Kd2 Rg2+ 43. Kd1 Re2 44. Re5 e3 45. c5 Kf7 46. c6 a5 47. Rd5 Rd2+ 48. Ke1 Kf6 0-1

[Event "St Petersburg March op"]
[Site "St Petersburg"]
[Date "2009.04.07"]
[Round "7"]
[White "Fateev, Michail"]
[Black "Kopasov, Evgeny Aleksandrovi"]
[Result "0-1"]
[WhiteElo "2095"]
[BlackElo "2074"]
[PlyCount "76"]
[EventDate "2009.03.30"]
[EventType "swiss"]
[EventRounds "9"]
[EventCountry "RUS"]
[SourceTitle "EXT 2012"]
[Source "ChessBase"]
[SourceDate "2011.11.24"]
[SourceVersion "1"]
[SourceVersionDate "2011.11.24"]
[SourceQuality "1"]

1. d4 d5 2. c4 e6 3. Nc3 c6 4. Nf3 dxc4 5. a4 Bb4 6. e3 b5 7. Ne5 Nf6 8. axb5 cxb5 9. Bd2 Bxc3 10. Bxc3 a5 11. b3 Bb7 12. bxc4 b4 13. Qb3 0-0 14. Bb2 Nbd7 15. Nf3 Qc7 16. Be2 Rfb8 17. 0-0 Bc6 18. Ne5 Nxe5 19. dxe5 Ne4 20. Qd3 a4 21. Bd4 Rd8 22. Qc2 b3 23. Qb2 Qa5 24. Rfd1 Qb4 25. Ra3 Nc5 26. f3 Rac8 27. Kf2 Nb7 28. g3 Na5 29. Rc1 Be8 30. Bc3 Nxc4 31. Bxb4 Nxb2 32. Bc3 Nd3+ 33. Bxd3 Rxd3 34. Bb2 Rxc1 35. Bxc1 Rd1 36. Ra1 Rxc1 37. Rxc1 b2 38. Rc8 Kf8 0-1

[Event "St Petersburg Chigorin CC-ch"]
[Site "St Petersburg"]
[Date "2008.05.21"]
[Round "7"]
[White "Fateev, Michail"]
[Black "Atlas, Eduard"]
[Result "1-0"]
[WhiteElo "2102"]
[BlackElo "2069"]
[PlyCount "82"]
[EventDate "2008.05.13"]
[EventType "swiss"]
[EventRounds "9"]
[EventCountry "RUS"]
[SourceTitle "CBM 124 Extra"]
[Source "ChessBase"]
[SourceDate "2008.07.03"]
[SourceVersion "1"]
[SourceVersionDate "2008.07.03"]
[SourceQuality "1"]

1. e4 c5 2. Nf3 d6 3. d4 cxd4 4. Nxd4 Nf6 5. Nc3 a6 6. Be2 e6 7. a4 b6 8. f4 Qc7 9. 0-0 Bb7 10. Bf3 Nbd7 11. Kh1 e5 12. Nb3 h5 13. Be3 exf4 14. Bxf4 Ne5 15. Nd4 Be7 16. Nf5 Kf8 17. Bg5 Nxf3 18. Qxf3 Rh7 19. Rae1 Re8 20. Bh4 Kg8 21. Nxe7+ Rxe7 22. Bg5 Re6 23. Qf4 Ng4 24. Nd5 Bxd5 25. exd5 Rxe1 26. Rxe1 Ne5 27. Qe4 f6 28. Be3 g5 29. b3 Re7 30. Bd4 Kg7 31. Qf5 b5 32. axb5 axb5 33. Rf1 Rf7 34. h4 gxh4 35. Rf4 Qa5 36. Qxh5 Qe1+ 37. Bg1 Qc1 38. Rxh4 Kf8 39. Qf5 Kg8 40. Qc8+ Kg7 41. Qh8+ Kg6 1-0

[Event "St Petersburg Chigorin CC-ch"]
[Site "St Petersburg"]
[Date "2008.05.13"]
[Round "1"]
[White "Fateev, Michail"]
[Black "Gavrikov, Viktor1111"]
[Result "1-0"]
[WhiteElo "2102"]
[BlackElo "1678"]
[PlyCount "55"]
[EventDate "2008.05.13"]
[EventType "swiss"]
[EventRounds "9"]
[EventCountry "RUS"]
[SourceTitle "CBM 124 Extra"]
[Source "ChessBase"]
[SourceDate "2008.07.03"]
[SourceVersion "1"]
[SourceVersionDate "2008.07.03"]
[SourceQuality "1"]

1. e4 c5 2. Nf3 e6 3. d4 cxd4 4. Nxd4 a6 5. c4 d6 6. Nc3 Nf6 7. Be2 Nbd7 8. 0-0 b6 9. f4 Bb7 10. Bf3 Nc5 11. Qe2 Qc7 12. e5 dxe5 13. fxe5 Nfd7 14. b4 Bxf3 15. Qxf3 Nb7 16. Qxf7+ Kd8 17. Nxe6+ Kc8 18. Nxc7 Kxc7 19. e6 Rd8 20. Bf4+ Nd6 21. c5 bxc5 22. bxc5 Kc6 23. cxd6 Bxd6 24. Bxd6 Kxd6 25. Rad1+ Kc6 26. exd7 Rhf8 27. Qe6+ Kc7 28. Nd5+ 1-0

[Event "St Petersburg op"]
[Site "St Petersburg"]
[Date "2007.10.31"]
[Round "5"]
[White "Fateev, Michail"]
[Black "Fedoseev, Sergey"]
[Result "0-1"]
[WhiteElo "2068"]
[BlackElo "2217"]
[PlyCount "61"]
[EventDate "2007.10.27"]
[EventType "swiss"]
[EventRounds "9"]
[EventCountry "RUS"]
[SourceTitle "CBM 121 Extra"]
[Source "ChessBase"]
[SourceDate "2008.01.10"]
[SourceVersion "1"]
[SourceVersionDate "2008.01.10"]
[SourceQuality "1"]

1. e4 c5 2. Nf3 e6 3. d4 cxd4 4. Nxd4 a6 5. Nc3 Qc7 6. Bd3 Nf6 7. 0-0 d6 8. a4 g6 9. Be3 Bg7 10. f4 0-0 11. Be2 Nc6 12. Kh1 Na5 13. Qd3 Bd7 14. Nb3 Nxb3 15. cxb3 Bc6 16. a5 Qe7 17. b4 Rfe8 18. Rad1 Rac8 19. Bf3 d5 20. e5 Ne4 21. Bxe4 dxe4 22. Nxe4 Bb5 23. Qd2 Bxf1 24. Rxf1 Red8 25. Nd6 Rc6 26. Bc5 f6 27. Qe3 Qd7 28. Rd1 fxe5 29. fxe5 Qc7 30. g3 h6 31. Kg2 0-1

[Event "St Petersburg op"]
[Site "St Petersburg"]
[Date "2007.10.29"]
[Round "3"]
[White "Fateev, Michail"]
[Black "Lupik, Marina"]
[Result "1-0"]
[WhiteElo "2068"]
[BlackElo "2237"]
[PlyCount "99"]
[EventDate "2007.10.27"]
[EventType "swiss"]
[EventRounds "9"]
[EventCountry "RUS"]
[SourceTitle "CBM 121 Extra"]
[Source "ChessBase"]
[SourceDate "2008.01.10"]
[SourceVersion "1"]
[SourceVersionDate "2008.01.10"]
[SourceQuality "1"]

1. e4 c5 2. Nf3 d6 3. d4 cxd4 4. Nxd4 Nf6 5. Nc3 a6 6. Be2 e5 7. Nb3 Be7 8. a4 Be6 9. 0-0 0-0 10. f4 Qc7 11. f5 Bc4 12. Be3 Nbd7 13. a5 Bxe2 14. Qxe2 Qc6 15. Ra4 Rac8 16. Rd1 Rfd8 17. Kh1 Nf8 18. Bb6 Rd7 19. Qf3 h6 20. Nd2 d5 21. exd5 Qd6 22. Nde4 Qb8 23. d6 Rxd6 24. Nxd6 Bxd6 25. Qd3 Be7 26. Rc4 N8d7 27. Nd5 Nxd5 28. Qxd5 Nf6 29. Rxc8+ Qxc8 30. Qxe5 Qxc2 31. Re1 Bb4 32. Qe2 Qxf5 33. Rf1 Qg5 34. Qd3 Qe5 35. Qd8+ Kh7 36. Qd3+ Kg8 37. Rc1 g6 38. Qd8+ Kh7 39. Bd4 Qf4 40. Qc7 Nd5 41. Qxf4 Nxf4 42. Rc7 Ne6 43. Rxf7+ Kg8 44. Rxb7 Bxa5 45. Bc3 Bc7 46. Ra7 Kf8 47. Rxa6 Ke7 48. g3 g5 49. Kg2 h5 50. Ra8 1-0

[Event "St Petersburg Zak Memorial"]
[Site "St Petersburg"]
[Date "2007.03.28"]
[Round "5"]
[White "Bogdanov, Andrei"]
[Black "Fateev, Michail"]
[Result "0-1"]
[WhiteElo "2075"]
[BlackElo "2135"]
[PlyCount "118"]
[EventDate "2007.03.24"]
[EventType "team"]
[EventRounds "9"]
[EventCountry "RUS"]
[SourceTitle "CBM 117 Extra"]
[Source "ChessBase"]
[SourceDate "2007.05.09"]
[SourceVersion "1"]
[SourceVersionDate "2007.05.09"]
[SourceQuality "1"]

1. Nf3 g6 2. d4 Bg7 3. e4 d6 4. Bc4 Nf6 5. Nc3 0-0 6. 0-0 Nxe4 7. Nxe4 d5 8. Bd3 dxe4 9. Bxe4 Nc6 10. c3 e5 11. Bxc6 bxc6 12. Nxe5 c5 13. Re1 Bb7 14. Bf4 Qd5 15. Nf3 Rac8 16. dxc5 Qxc5 17. Re3 Qc4 18. Be5 f6 19. Bg3 Bd5 20. b3 Qc6 21. Nd4 Qd7 22. Qe2 Rfe8 23. Re1 Bf7 24. Ne6 Bh6 25. f4 Qd6 26. Re4 Qc6 27. c4 a5 28. Bh4 f5 29. Re5 a4 30. Bg5 Bxg5 31. Nxg5 Rxe5 32. fxe5 Qb6+ 33. Qe3 h6 34. c5 Qc6 35. Nxf7 Kxf7 36. e6+ Ke7 37. Qe5 Re8 38. Qg7+ Kd8 39. Rd1+ Kc8 40. Qd7+ Kb7 41. bxa4 Rxe6 42. Rb1+ Ka7 43. Qd4 Re4 44. Qc3 Qxa4 45. c6 Rd4 46. Qc5+ Ka6 47. h3 Rd1+ 48. Rxd1 Qxd1+ 49. Kh2 Qd6+ 50. Qxd6 cxd6 51. h4 Kb6 52. Kg3 g5 53. hxg5 hxg5 54. Kf3 Kxc6 55. Ke3 Kc5 56. Kd3 f4 57. a4 d5 58. a5 Kb5 59. Kd4 g4 0-1

[Event "St Petersburg Zak Memorial"]
[Site "St Petersburg"]
[Date "2007.03.27"]
[Round "4"]
[White "Fateev, Michail"]
[Black "Palchun, Grigory"]
[Result "1-0"]
[WhiteElo "2135"]
[BlackElo "2047"]
[PlyCount "121"]
[EventDate "2007.03.24"]
[EventType "team"]
[EventRounds "9"]
[EventCountry "RUS"]
[SourceTitle "CBM 117 Extra"]
[Source "ChessBase"]
[SourceDate "2007.05.09"]
[SourceVersion "1"]
[SourceVersionDate "2007.05.09"]
[SourceQuality "1"]

1. e4 g6 2. d4 Bg7 3. Nc3 c6 4. Be3 d5 5. e5 Nh6 6. f4 0-0 7. Nf3 Bg4 8. h3 Bxf3 9. Qxf3 Nf5 10. Bf2 Qb6 11. 0-0-0 e6 12. g4 Ne7 13. Bd3 f5 14. Bh4 Qc7 15. Bf2 b5 16. h4 Bh6 17. g5 Bg7 18. h5 Rc8 19. Rh2 Nd7 20. Rdh1 a5 21. hxg6 hxg6 22. Rh7 Nf8 23. Rxg7+ Kxg7 24. Qh3 Kf7 25. Qh8 Rab8 26. Qf6+ Ke8 27. Rh8 Kd7 28. Qf7 Qd8 29. Be1 Qe8 30. Qf6 Kc7 31. a3 Kb6 32. Nb1 Qd7 33. Nd2 Qa7 34. Nb3 Nd7 35. Qxe7 Rxh8 36. Bxa5+ Ka6 37. Qxe6 Rbc8 38. Bb4 Kb6 39. a4 Rh1+ 40. Kd2 Rh2+ 41. Kc3 Qb7 42. Nc5 Nxc5 43. Bxc5+ Ka5 44. Bb4+ Kb6 45. axb5 Ka7 46. Bc5+ Ka8 47. bxc6 Qxc6 48. Qxc6+ Rxc6 49. Bb5 Rc8 50. Bd7 Rd8 51. e6 Re2 52. Kd3 Re1 53. Bc6+ Kb8 54. e7 Rc8 55. Bd6+ Ka7 56. Bxd5 Rd1+ 57. Ke3 Rg1 58. Kd2 Kb6 59. Bc5+ Kc7 60. Bf7 Rg2+ 61. Kd3 1-0

[Event "St Petersburg Winter op"]
[Site "St Petersburg"]
[Date "2007.01.31"]
[Round "3"]
[White "Egorova, Natalia"]
[Black "Fateev, Michail"]
[Result "1/2-1/2"]
[WhiteElo "1992"]
[BlackElo "2135"]
[PlyCount "219"]
[EventDate "2007.01.29"]
[EventType "swiss"]
[EventRounds "9"]
[EventCountry "RUS"]
[SourceTitle "EXT 2008"]
[Source "ChessBase"]
[SourceDate "2007.11.25"]
[SourceVersion "1"]
[SourceVersionDate "2007.11.25"]
[SourceQuality "1"]

1. e4 c5 2. Nf3 d6 3. Bb5+ Nc6 4. 0-0 Nf6 5. Bxc6+ bxc6 6. e5 Nd5 7. d4 cxd4 8. Qxd4 Qb6 9. exd6 exd6 10. Re1+ Be6 11. Bg5 h6 12. Bh4 Rb8 13. Nc3 Kd7 14. Nxd5 Qxd4 15. Nxd4 Bxd5 16. b3 c5 17. Nf5 Be6 18. Ne3 g5 19. Bg3 f5 20. f4 Rb4 21. c4 a5 22. Nc2 Rb7 23. Rad1 a4 24. Rd3 axb3 25. axb3 Ra7 26. Ra1 Rxa1+ 27. Nxa1 Be7 28. Nc2 Ra8 29. Ne3 Ra6 30. Nd5 Bf8 31. Nc3 Ke7 32. Nd5+ Kf7 33. Nc7 Ra1+ 34. Kf2 g4 35. Nxe6 Kxe6 36. Ke2 Ra2+ 37. Rd2 Ra3 38. Rd3 Bg7 39. Bf2 h5 40. Re3+ Kd7 41. Rd3 Ra2+ 42. Rd2 Ra5 43. Rd3 Bf6 44. Be1 Ra2+ 45. Rd2 Ra3 46. Rd3 Bd4 47. h4 Ra2+ 48. Rd2 Ra8 49. Bf2 Bc3 50. Rc2 Bf6 51. Rd2 Kc6 52. Rd5 Ra2+ 53. Rd2 Ra3 54. Rd3 Bd8 55. Be1 Kd7 56. Bf2 Ra5 57. Rd5 Ke6 58. Rd3 Bf6 59. Re3+ Kd7 60. Rd3 Bg7 61. Rd5 Ke6 62. Rd3 Ra2+ 63. Rd2 Ra1 64. Rd1 Ra8 65. Rd3 Bf6 66. Re3+ Kd7 67. Rd3 Re8+ 68. Kd2 Rc8 69. Rd5 Ke6 70. Rd3 Ra8 71. Ke2 Ra2+ 72. Rd2 Ra3 73. Rd3 Bd8 74. Re3+ Kd7 75. Rd3 Kc6 76. Be1 Bb6 77. Ke3 Ra1 78. Ke2 Rb1 79. Rd5 Rb2+ 80. Kf1 Rb1 81. Ke2 Rxb3 82. Rxf5 Rb2+ 83. Kf1 Rc2 84. Rxh5 Rxc4 85. Rf5 Re4 86. h5 Re6 87. Bc3 Bd8 88. Bg7 g3 89. h6 Ba5 90. Re5 dxe5 91. fxe5 Re8 92. h7 Kd5 93. h8Q Rxh8 94. Bxh8 Bc7 95. Bf6 Bxe5 96. Bg5 Ke4 97. Ke2 c4 98. Bd2 Bf4 99. Bc3 Bd6 100. Be1 Kd4 101. Bd2 Kc5 102. Bc3 Kb5 103. Kd1 Ka4 104. Kc2 Bb4 105. Be5 Be1 106. Bd6 Kb5 107. Bf4 Kc5 108. Bc7 Kd4 109. Bd6 Ke3 110. Bxg3 1/2-1/2

[Event "St Petersburg-ch qual"]
[Site "St Petersburg"]
[Date "2006.12.11"]
[Round "7"]
[White "Fateev, Michail"]
[Black "Skrjabin, Igor"]
[Result "1-0"]
[WhiteElo "2135"]
[BlackElo "2083"]
[PlyCount "60"]
[EventDate "2006.11.27"]
[EventType "swiss"]
[EventRounds "10"]
[EventCountry "RUS"]
[SourceTitle "EXT 2008"]
[Source "ChessBase"]
[SourceDate "2007.11.25"]
[SourceVersion "1"]
[SourceVersionDate "2007.11.25"]
[SourceQuality "1"]

1. d4 Nf6 2. c4 g6 3. Nc3 Bg7 4. e4 d6 5. Be3 0-0 6. f3 e5 7. d5 c6 8. Qd2 cxd5 9. cxd5 Nh5 10. g4 Nf4 11. h4 Nd7 12. Nge2 f5 13. gxf5 gxf5 14. Nxf4 exf4 15. Bxf4 Ne5 16. Be2 b5 17. Bg5 Qe8 18. 0-0-0 b4 19. Nb5 Rb8 20. Nxd6 Qa4 21. Kb1 Rb6 22. Be7 Ba6 23. Rhg1 Bxe2 24. Rxg7+ Kxg7 25. Bxf8+ Kxf8 26. Qh6+ Ke7 27. Qe6+ Kd8 28. Qc8+ Ke7 29. Rg1 Bd3+ 30. Ka1 Rxd6 1-0

[Event "St Petersburg Chigorin CC-ch"]
[Site "St Petersburg"]
[Date "2005.05.25"]
[Round "9"]
[White "Fateev, Michail"]
[Black "Turikov, Viktor"]
[Result "1-0"]
[WhiteElo "2179"]
[BlackElo "2358"]
[PlyCount "126"]
[EventDate "2005.05.16"]
[EventType "swiss"]
[EventRounds "9"]
[EventCountry "RUS"]
[SourceTitle "EXT 2006"]
[Source "ChessBase"]
[SourceDate "2005.11.24"]
[SourceVersion "1"]
[SourceVersionDate "2005.11.24"]
[SourceQuality "1"]

1. e4 d6 2. d4 Nf6 3. Nc3 c6 4. Bg5 Qb6 5. Qd2 Qxb2 6. Rb1 Qa3 7. Rb3 Qa5 8. f4 e6 9. Nf3 Be7 10. Bd3 Qc7 11. 0-0 h6 12. Bh4 b6 13. e5 Ng8 14. Ne4 Bf8 15. g4 d5 16. Ng3 c5 17. Bb5+ Bd7 18. c4 dxc4 19. Bxc4 cxd4 20. Rc1 Nc6 21. Ba6 Bc5 22. Ne4 h5 23. gxh5 Nh6 24. Rxc5 bxc5 25. Rb7 Qa5 26. Nd6+ Kf8 27. Qxa5 Nxa5 28. Rxd7 Nf5 29. Nxf5 exf5 30. Be1 Rh6 31. Rd6 Rxd6 32. exd6 Nc6 33. Bb7 Rd8 34. Bxc6 Rxd6 35. Bb5 Rb6 36. Bc4 Rb1 37. Kf2 Rb2+ 38. Nd2 Rc2 39. Bb3 Rc3 40. Nf3 Rc1 41. Bd2 Rb1 42. Ne1 a5 43. Nd3 a4 44. Bxa4 c4 45. Bc2 Rb8 46. Bb4+ Kg8 47. a3 cxd3 48. Bxd3 g6 49. Kf3 Kh7 50. Bc4 Kh6 51. hxg6 fxg6 52. Ke2 Kh5 53. Kd3 Kg4 54. Kxd4 Rd8+ 55. Ke5 Re8+ 56. Be6 Kh3 57. a4 Kxh2 58. a5 g5 59. fxg5 f4 60. g6 f3 61. Bc5 Ra8 62. Bb6 f2 63. Bxf2 Rxa5+ 1-0